000 01141nam a22002771i 4500
003 SA-RiAUC
005 20251105132825.0
008 251030s2000 su g 00010 ara c
040 _aSA-RiKAPL
_bara
_cSA-RiAUC
_erda
082 0 4 _a214.15248
090 _a214.15248
_bا ب ن ج
100 1 _aابن جبرين، عبد الله بن عبد الرحمن بن عبد الله،
_d1352-1430 هجري
_eمؤلف.
245 1 2 _aالحسد :
_bتعريفه-إثباته-أسبابه-علاجه /
_cعبد الله بن عبد الرحمن الجبرين.
250 _aالطبعة الأولى.
264 1 _aالرياض :
_bالحرس الوطني، جهاز الإرشاد والتوجيه،
_c[2000]
300 _a32 صفحة ؛
_c16 سم.
336 _aنص
_btxt
_2rdacontent
_3كتاب
337 _aبدون وسيط
_bn
_2rdamedia
338 _aمجلد
_bnc
_2rdacarrier
440 0 _aرسائل إرشادية
_v117
650 7 _aالحسد
_2aucsh
650 7 _aالإسلام والحسد
_2aucsh
650 7 _aالأخلاق الإسلامية
_2aucsh
942 _2ddc
_cBOOK
_n0
949 _aSA-JeALM
_d251030
_umohamedma123
_n1
999 _c13028
_d13028